<?xml version="1.0" encoding="UTF-8"?>
<record
    xmlns:xsi="http://www.w3.org/2001/XMLSchema-instance"
    xsi:schemaLocation="http://www.loc.gov/MARC21/slim http://www.loc.gov/standards/marcxml/schema/MARC21slim.xsd"
    xmlns="http://www.loc.gov/MARC21/slim">

  <leader>01409nam a2200217 a 4500</leader>
  <controlfield tag="005">20241023134621.0</controlfield>
  <controlfield tag="008">100630t2004||||sp  |||g      p 1p0dspa d</controlfield>
  <datafield tag="020" ind1=" " ind2=" ">
    <subfield code="a">8466616209</subfield>
  </datafield>
  <datafield tag="041" ind1=" " ind2=" ">
    <subfield code="a">spa</subfield>
  </datafield>
  <datafield tag="092" ind1=" " ind2=" ">
    <subfield code="c">808</subfield>
    <subfield code="l">74</subfield>
    <subfield code="s">RIC</subfield>
  </datafield>
  <datafield tag="100" ind1="1" ind2=" ">
    <subfield code="a">Rice, Anne</subfield>
    <subfield code="9">3942</subfield>
  </datafield>
  <datafield tag="245" ind1=" " ind2=" ">
    <subfield code="a">Entrevista con el vampiro /</subfield>
    <subfield code="c">Anne Rice</subfield>
  </datafield>
  <datafield tag="250" ind1=" " ind2=" ">
    <subfield code="a">1a ed.</subfield>
    <subfield code="b">Traducci&#xF3;n Marcelo Covian</subfield>
  </datafield>
  <datafield tag="260" ind1=" " ind2=" ">
    <subfield code="a">Barcelona: </subfield>
    <subfield code="b">Ediciones B;</subfield>
    <subfield code="c">2004.</subfield>
  </datafield>
  <datafield tag="300" ind1=" " ind2=" ">
    <subfield code="a">463 p.</subfield>
  </datafield>
  <datafield tag="500" ind1=" " ind2=" ">
    <subfield code="a">Rice, A. (2004). Entrevista con el vampiro. (1a ed.). Barcelona : Ediciones B.</subfield>
  </datafield>
  <datafield tag="505" ind1=" " ind2=" ">
    <subfield code="a">Primera novela de una emocionante trilog&#xED;a, Entrevista con el vampiro narra la conversi&#xF3;n de un joven de Nueva Orleans en eterno habitante de la noche. El personaje tiene un poderoso motivo para convertirse en un ser maldito: el sentimiento de culpabilidad por la muerte de su hermano menor. Pero desde el comienzo de su vida sobrenatural los sentimientos m&#xE1;s humano salen a su paso, en especial el amor, no exento de dependencia psicol&#xF3;gica y sexual, por una de sus j&#xF3;venes victimas. Una novela de inusitado horror, producto de una pluma magistral. Anne Rice es autora, entre otras novelas de tres famosas series: Cr&#xF3;nicas Vamp&#xED;ricas, a la que pertenece, entre otros, este t&#xED;tulo; las brujas de Mayfair, y Nuevas historias de vampiros. </subfield>
  </datafield>
  <datafield tag="590" ind1=" " ind2=" ">
    <subfield code="a">Proyecto 4to Libro. Donaci&#xF3;n Victoria Lara, Mayo 2018.</subfield>
  </datafield>
  <datafield tag="655" ind1=" " ind2=" ">
    <subfield code="a">Literatura</subfield>
    <subfield code="9">2917</subfield>
  </datafield>
  <datafield tag="942" ind1=" " ind2=" ">
    <subfield code="2">lcc</subfield>
    <subfield code="c">LIT</subfield>
  </datafield>
  <datafield tag="999" ind1=" " ind2=" ">
    <subfield code="c">2796</subfield>
    <subfield code="d">2796</subfield>
  </datafield>
  <datafield tag="952" ind1=" " ind2=" ">
    <subfield code="0">0</subfield>
    <subfield code="1">0</subfield>
    <subfield code="2">ddc</subfield>
    <subfield code="4">0</subfield>
    <subfield code="7">0</subfield>
    <subfield code="a">BFM</subfield>
    <subfield code="b">BFM</subfield>
    <subfield code="c">CR</subfield>
    <subfield code="d">2018-05-28</subfield>
    <subfield code="e">Donaci&#xF3;n Victoria Lara, mayo 2018</subfield>
    <subfield code="l">4</subfield>
    <subfield code="o">808 74 RIC</subfield>
    <subfield code="p">4289</subfield>
    <subfield code="r">2020-03-13</subfield>
    <subfield code="s">2019-12-17</subfield>
    <subfield code="t">Ej. 1</subfield>
    <subfield code="w">2018-05-28</subfield>
    <subfield code="y">LIT</subfield>
    <subfield code="z">Proyecto 4to libro. Donaci&#xF3;n Victoria Lara, mayo 2018</subfield>
  </datafield>
</record>
